Innovation analytics (Record no. 1309139)
[ view plain ]
| 000 -LEADER | |
|---|---|
| fixed length control field | 02207nam a22002777a 4500 |
| 005 - DATE AND TIME OF LATEST TRANSACTION | |
| control field | 20250624145756.0 |
| 008 - FIXED-LENGTH DATA ELEMENTS--GENERAL INFORMATION | |
| fixed length control field | 250418b |||||||| |||| 00| 0 eng d |
| 020 ## - INTERNATIONAL STANDARD BOOK NUMBER | |
| International Standard Book Number | 9781800610002 |
| 040 ## - CATALOGING SOURCE | |
| Transcribing agency | SC |
| 041 ## - LANGUAGE CODE | |
| Source of code | eng |
| Language code of text/sound track or separate title | eng |
| 084 ## - COLON CLASSIFICATION NUMBER | |
| Classification number | X:328 R3 |
| 245 ## - TITLE STATEMENT | |
| Title | Innovation analytics |
| Remainder of title | : Tools for competitive advantage |
| 260 ## - PUBLICATION, DISTRIBUTION, ETC. | |
| Place of publication, distribution, etc. | London : |
| Name of publisher, distributor, etc. | World Scientific, |
| Date of publication, distribution, etc. | 2023. |
| 300 ## - PHYSICAL DESCRIPTION | |
| Extent | ix, 313 p. |
| Other physical details | : ill. |
| Dimensions | : 23 cm. |
| 500 ## - GENERAL NOTE | |
| General note | Includes index |
| 520 ## - SUMMARY, ETC. | |
| Summary, etc. | nnovation analytics is an emerging paradigm that integrates information/knowledge, analytics, digital twins and artificial intelligence to support and manage the entire lifecycle of a product and process from inception, through engineering design and manufacture, to service and disposal of manufactured products. Innovation analytics is set to become an integral part of the innovation lifecycle to help make smart, agile decisions and accelerate business growth. Innovation Analytics: Tools for Competitive Advantage provides a comprehensive overview of the challenges and opportunities behind the latest research surrounding technological advances driving innovation analytics; the transition of analytical ideas to interdisciplinary teams; the development of deep synchronicity of skills and production innovation; and the use of innovation analytics in multiple stages of product and process evolution. In exploring the impact of emerging developments in the current climate, researchers and academics will be able to gain insight into real-world usage of analytics for innovation and its contribution toward society. As such, students, scientists, engineers, academics, and management professionals alike will find this title beneficial. |
| 650 ## - SUBJECT ADDED ENTRY--TOPICAL TERM | |
| Topical term or geographic name entry element | Tools and Techniques |
| 9 (RLIN) | 814466 |
| 650 ## - SUBJECT ADDED ENTRY--TOPICAL TERM | |
| Topical term or geographic name entry element | Data Sources for Innovation |
| 9 (RLIN) | 814467 |
| 650 ## - SUBJECT ADDED ENTRY--TOPICAL TERM | |
| Topical term or geographic name entry element | Application Areas |
| 9 (RLIN) | 814468 |
| 650 ## - SUBJECT ADDED ENTRY--TOPICAL TERM | |
| Topical term or geographic name entry element | Case Studies |
| 9 (RLIN) | 732981 |
| 650 ## - SUBJECT ADDED ENTRY--TOPICAL TERM | |
| Topical term or geographic name entry element | Strategic planning |
| 9 (RLIN) | 579989 |
| 700 ## - ADDED ENTRY--PERSONAL NAME | |
| Personal name | Subramanian, Nachiappan |
| Relator term | editor. |
| 9 (RLIN) | 814469 |
| 700 ## - ADDED ENTRY--PERSONAL NAME | |
| Personal name | Ponnambalam, S.G. |
| Relator term | editor. |
| 9 (RLIN) | 811050 |
| 700 ## - ADDED ENTRY--PERSONAL NAME | |
| Personal name | Janardhanan, Mukund |
| Relator term | editor. |
| 9 (RLIN) | 811051 |
| 942 ## - ADDED ENTRY ELEMENTS (KOHA) | |
| Source of classification or shelving scheme | Colon Classification (CC) |
| Koha item type | Textual |
| Classification part | X:328 R3 |
| Suppress in OPAC | No |
| Withdrawn status | Lost status | Source of classification or shelving scheme | Damaged status | Not for loan | Home library | Current library | Date acquired | Source of acquisition | Inventory number | Total Checkouts | Full call number | Barcode | Date last seen | Price effective from | Koha item type |
|---|---|---|---|---|---|---|---|---|---|---|---|---|---|---|---|
| Colon Classification (CC) | South Campus Library | South Campus Library | 2025-04-18 | Ashutosh Technical Books | 8961, 02/12/2024, USD 98.00 | X:328 R3 | SC1690610 | 2025-04-18 | 2025-04-18 | Textual |
